|
|
|
|
| LEADER |
00000nam a2200000 a 4500 |
| 001 |
vtls008871654 |
| 003 |
SK-MaSNL |
| 005 |
20260301041000.0 |
| 008 |
240314s2006 xo ol d p 000 0dslo |
| 015 |
|
|
|a SNBA2006/11-05443
|
| 020 |
|
|
|a 8089085598
|q (viaz.)
|
| 035 |
|
|
|a urn:nbn:sk:snk-am00a18w
|
| 035 |
|
|
|a urn:nbn:sk:snk-am3hcx8
|
| 035 |
|
|
|a 18E562E8-5C81-4357-B7CF-2CA7EB8158CD
|
| 040 |
|
|
|a SNK
|b slo
|c SNK
|e AACR2
|
| 041 |
0 |
|
|a slo
|
| 044 |
|
|
|a xo
|c SK
|
| 072 |
|
7 |
|a 336.7
|x Financie
|2 konspekt
|
| 072 |
|
7 |
|a 37.016
|x Učebné osnovy. Vyučovacie predmety. Učebnice
|2 konspekt
|
| 080 |
|
|
|a (075.8)
|2 2001
|
| 080 |
|
|
|a 336.76
|2 2001
|
| 100 |
1 |
|
|a Hrvoľová, Božena,
|d 1949-
|4 aut
|9 92678
|
| 245 |
1 |
0 |
|a Analýza finančných trhov
|c Hrvoľová Božena a kolektív
|
| 250 |
|
|
|a [1. vyd.]
|
| 260 |
|
|
|a Bratislava
|b Sprint-vfra
|c 2006
|
| 300 |
|
|
|a 561 s.
|b fotogr., sch., tab.
|c 22 cm
|
| 500 |
|
|
|a Biogr. údaje
|
| 504 |
|
|
|a Bibliogr. s. 555-560. Pozn.
|
| 650 |
0 |
7 |
|a finančné trhy
|2 SNKPH
|9 2275
|
| 655 |
|
7 |
|a učebnice vysokých škôl
|2 SNKPH
|9 70191
|
| 700 |
1 |
|
|a Vavrová, Katarína,
|d 1960-
|4 aut
|9 217127
|
| 700 |
1 |
|
|a Zachar Ninčák, Lucia,
|d 1975-
|4 aut
|9 193864
|
| 919 |
|
|
|a 80-89085-59-8
|
| 958 |
|
|
|a OND
|
| 999 |
|
|
|c 587299
|d 589229
|
| 952 |
|
|
|a SNK
|b SNK
|y PREZ
|7 0
|p 17A0525966
|o snkSC 125226
|i snk2006/22160
|8 0
|0 0
|1 0
|4 0
|d 2006-10-30
|f 1
|l 0
|r 2025-06-09 00:00:00
|w 2026-02-23
|
| 952 |
|
|
|a SNK
|b SNK
|y VYP
|7 0
|p 17A0525967
|o snkSC 125226 D1
|i snk2006/22161
|8 0
|0 0
|1 0
|4 0
|d 2006-10-30
|l 0
|r 2026-02-23 15:13:27
|w 2026-02-23
|